Manažment výkonnosti komerčnej banky

Manažment výkonnosti komerčnej banky predstavuje najdôležitejšiu oblasť bankového manažmentu. Vo svojich aktivitách musí nevyhnutne zladiť dosahovanie základných bankových cieľov, ktorými sú rentabilita, riziko a likvidita. Základnými determinantmi bankového manažmentu sú peniaze ako predmet podnika...

Ausführliche Beschreibung

Gespeichert in:
Bibliographische Detailangaben
1. Verfasser: Belás, Jaroslav
Format: Buchkapitel
Sprache:Slowakisch
Schlagworte:
Tags: Tag hinzufügen
Keine Tags, Fügen Sie das erste Tag hinzu!

MARC

LEADER 00000naa$a2200000$$$4500
001 0092598
005 20220408085845.0
041 0 |a slo 
044 |a SK 
245 1 0 |a Manažment výkonnosti komerčnej banky  |c Jaroslav Belás 
520 |a Manažment výkonnosti komerčnej banky predstavuje najdôležitejšiu oblasť bankového manažmentu. Vo svojich aktivitách musí nevyhnutne zladiť dosahovanie základných bankových cieľov, ktorými sú rentabilita, riziko a likvidita. Základnými determinantmi bankového manažmentu sú peniaze ako predmet podnikania, atypická štruktúra bilancie komerčnej banky, potreba vysokej dôveryhodnosti a existencia prísnej regulácie. Výkonnosť komerčnej banky. ako dominantný problém bankového manažmentu. Ukazovatele ROE a ROA. 
610 2 0 |a banky obchodné 
610 2 0 |a výkonnosť 
610 2 0 |a manažment 
100 1 |a Belás, Jaroslav